Central Library OPAC University of Rajshahi

Organization and environment : (Record no. 73711)

MARC details
000 -LEADER
fixed length control field 00861nam a2200229 a 4500
001 - CONTROL NUMBER
control field 73711
003 - CONTROL NUMBER IDENTIFIER
rucl marc code BD-RjUL
005 - DATE AND TIME OF LATEST TRANSACTION
control field 20211209082433.0
008 - FIXED-LENGTH DATA ELEMENTS--GENERAL INFORMATION
fixed length control field 170607s1967 maua b 001 0 eng
035 ## - SYSTEM CONTROL NUMBER
System control number (BD-RjUL)73929
040 ## - CATALOGING SOURCE
Original cataloging agency DLC
Transcribing agency DLC
Modifying agency BD-RjUL
Language of cataloging eng
041 ## - LANGUAGE CODE
Language code of text/sound track or separate title eng
082 ## - DEWEY DECIMAL CLASSIFICATION NUMBER
Edition number 23
Classification number 658.4
Author mark and year LAO 1967
100 1# - MAIN ENTRY--PERSONAL NAME
Personal name Lawrence, Paul R.
9 (RLIN) 218197
245 10 - TITLE STATEMENT
Title Organization and environment :
Remainder of title managing differentiation and integration /
Statement of responsibility, etc. Paul R. Lawrence and Jay W. Lorsch. With the research assistance of James S. Garrison.
260 ## - PUBLICATION, DISTRIBUTION, ETC. (IMPRINT)
Place of publication, distribution, etc. Boston :
Name of publisher, distributor, etc. Division of Research, Graduate School of Business Administration, Harvard University,
Date of publication, distribution, etc. c1967, [printing 1970]
300 ## - PHYSICAL DESCRIPTION
Pagination xv, 279 p. :
Illustrations ill. ;
Size 22 cm.
504 ## - BIBLIOGRAPHY, ETC. NOTE
Bibliography, etc Bibliography: p. [269]-273.
650 ## - SUBJECT ADDED ENTRY--TOPICAL TERM
Topical term or geographic name as entry element Executive Management
9 (RLIN) 218198
700 1# - ADDED ENTRY--PERSONAL NAME
Personal name Lorsch, Jay William.
942 ## - ADDED ENTRY ELEMENTS (KOHA)
Source of classification or shelving scheme Dewey Decimal Classification
Koha item type Books
Holdings
Lost status Source of classification or shelving scheme Damaged status Not for loan Collection code Permanent Location Current Location Shelving location Date acquired Source of acquisition Cost, normal purchase price Total Checkouts Full call number Date last seen Copy number Koha item type
  Dewey Decimal Classification   Not For Loan Non-fiction Central Library, University of Rajshahi Central Library, University of Rajshahi Reading Room 05/06/1972 Sweets & Zuitlinger 2.50   658.4 LAO 1967 07/06/2017 C-1 Books
  Dewey Decimal Classification     Non-fiction Central Library, University of Rajshahi Central Library, University of Rajshahi   12/08/1991 Canada     658.4 LAO 1970 18/04/2019 C-2 Books